[Event "Latvian Railway Open 2014"]
[Site "Riga LAT"]
[Date "2014.03.28"]
[Round "1.1"]
[White "Kantans, Toms"]
[Black "Malakhov, Vladimir"]
[Result "0-1"]
[WhiteElo "2443"]
[BlackElo "2717"]
[PlyCount "74"]
[EventDate "2014.03.28"]
[SourceDate "2014.01.04"]

1. e4 g6 2. d4 Bg7 3. g3 d5 4. e5 c5 5. c3 Nc6 6. Bg2 e6 7. dxc5 Nxe5 8. f4 Nd7
9. Be3 Ngf6 10. Nd2 O-O 11. Nh3 Qc7 12. Nb3 b6 13. cxb6 Nxb6 14. Bc5 Re8 15.
O-O Nc4 16. Rf2 Ne4 17. Bxe4 dxe4 18. Qe2 e3 19. Bxe3 Nxe3 20. Qxe3 h6 21. f5
gxf5 22. Nf4 Bb7 23. h4 Rad8 24. Nh5 Ba8 25. Kh2 Kh7 26. Nxg7 Kxg7 27. Nd4 Kh7
28. Re1 Rg8 29. Qe5 Qb7 30. c4 Rg6 31. b3 Rdg8 32. Ne2 Rg4 33. Rd1 Rxh4+ 34.
gxh4 Rg2+ 35. Kh3 Rxf2 36. Rg1 Qf3+ 37. Qg3 Rxe2 0-1

[Event "Latvian Railway Open 2014"]
[Site "Riga LAT"]
[Date "2014.03.28"]
[Round "1.4"]
[White "Zhigalko, Sergei"]
[Black "Sakalauskas, Vaidas"]
[Result "1-0"]
[WhiteElo "2671"]
[BlackElo "2387"]
[PlyCount "61"]
[EventDate "2014.03.28"]
[SourceDate "2014.01.04"]

1. e4 e6 2. d4 d5 3. e5 c5 4. c3 Qb6 5. Nf3 Nc6 6. a3 Bd7 7. b4 cxd4 8. cxd4
Rc8 9. Bb2 Na5 10. Nbd2 Nc4 11. Nxc4 dxc4 12. Rc1 a5 13. Nd2 axb4 14. Nxc4 Qd8
15. a4 Nh6 16. Bd3 Be7 17. O-O O-O 18. a5 Nf5 19. Nb6 Rxc1 20. Qxc1 Bc6 21.
Bxf5 exf5 22. d5 Bb5 23. Rd1 Re8 24. d6 Bg5 25. Qc5 Be2 26. Re1 Bd3 27. Qxb4
Be4 28. Qd4 Bf4 29. e6 Qg5 30. Rxe4 fxe4 31. d7 1-0

[Event "Latvian Railway Open 2014"]
[Site "Riga LAT"]
[Date "2014.03.28"]
[Round "1.5"]
[White "Ladva, Ottomar"]
[Black "Fedoseev, Vladimir3"]
[Result "1-0"]
[WhiteElo "2353"]
[BlackElo "2641"]
[PlyCount "81"]
[EventDate "2014.03.28"]
[SourceDate "2014.01.04"]

1. d4 d5 2. c4 c6 3. Nf3 Nf6 4. Nc3 dxc4 5. a4 e6 6. e3 c5 7. Bxc4 Nc6 8. O-O
Be7 9. Qe2 O-O 10. Rd1 Qb6 11. d5 exd5 12. Nxd5 Nxd5 13. Bxd5 Nb4 14. Bc4 Bf6
15. e4 Be6 16. e5 Be7 17. Bg5 Rae8 18. Bxe7 Rxe7 19. Rd6 Nc6 20. Bxe6 Rxe6 21.
Rad1 Qb3 22. Qb5 Qxb5 23. axb5 Nxe5 24. Nxe5 Rxe5 25. Rd7 b6 26. Rxa7 c4 27.
Rc7 Rxb5 28. Rxc4 Rxb2 29. Rc7 Re8 30. g3 Rb5 31. Rb7 h5 32. Rd6 Rf5 33. Rd2 b5
34. Rb2 Ree5 35. Kg2 g5 36. h3 Rd5 37. Rb6 Kg7 38. Kg1 Rfe5 39. Kg2 g4 40. hxg4
hxg4 41. Rb4 1-0

[Event "Latvian Railway Open 2014"]
[Site "Riga LAT"]
[Date "2014.03.28"]
[Round "2.1"]
[White "Malakhov, Vladimir"]
[Black "Oparin, Grigoriy"]
[Result "1-0"]
[WhiteElo "2717"]
[BlackElo "2526"]
[PlyCount "83"]
[EventDate "2014.03.28"]
[SourceDate "2014.01.04"]

1. c4 e6 2. Nf3 d5 3. b3 d4 4. e3 Nc6 5. Bb2 e5 6. exd4 exd4 7. d3 Nf6 8. Be2
Be7 9. O-O O-O 10. Na3 Re8 11. Nc2 Bc5 12. Re1 Bg4 13. h3 Bh5 14. b4 Nxb4 15.
Ncxd4 Bg6 16. Qd2 Bf8 17. a3 Na6 18. Bf1 Rxe1 19. Rxe1 Nc5 20. Ne5 Na4 21. Ba1
Bxa3 22. Qa5 Bb2 23. Bxb2 Nxb2 24. Ndf3 Qd6 25. Rb1 b6 26. Qa1 Nxd3 27. Bxd3
Bxd3 28. Rd1 a5 29. Rxd3 Qe7 30. Qa4 h6 31. Re3 Qd6 32. Qa2 c5 33. Qa4 Nh5 34.
Qd7 Qf6 35. Rd3 Nf4 36. Rd6 Ne6 37. Qb7 Re8 38. Qxb6 a4 39. Qc6 Rb8 40. Rd1 a3
41. Qa4 Nd4 42. Qxa3 1-0

[Event "Latvian Railway Open 2014"]
[Site "Riga LAT"]
[Date "2014.03.28"]
[Round "2.3"]
[White "Ulibin, Mikhail"]
[Black "Zhigalko, Sergei"]
[Result "1/2-1/2"]
[WhiteElo "2491"]
[BlackElo "2671"]
[PlyCount "126"]
[EventDate "2014.03.28"]
[SourceDate "2014.01.04"]

1. e4 c5 2. Nf3 Nc6 3. Bb5 Nf6 4. Nc3 Qc7 5. O-O Nd4 6. Nxd4 cxd4 7. Nd5 Nxd5
8. exd5 Qc5 9. c4 a6 10. Ba4 Qxc4 11. Bb3 Qd3 12. Bc2 Qb5 13. Qf3 g6 14. d6 e6
15. Qf6 Rg8 16. Qxd4 Qc6 17. Bb3 b5 18. Qh4 Bb7 19. f3 Qxd6 20. d4 Be7 21. Bg5
Bxg5 22. Qxg5 Qxd4+ 23. Kh1 Bc6 24. Rac1 h6 25. Qg3 g5 26. f4 O-O-O 27. f5 Kb7
28. fxe6 fxe6 29. Rf7 Rgf8 30. Rxc6 Kxc6 31. Qf3+ d5 32. Rxf8 Rxf8 33. Qxf8
Qxb2 34. Qc8+ Kd6 35. Qd8+ Kc5 36. Qe7+ Kd4 37. Qb4+ Ke5 38. Qe1+ Kf6 39. h3 h5
40. Qd1 h4 41. Qf3+ Ke7 42. Qe3 Kf6 43. Qf3+ Kg6 44. Qe3 Qa1+ 45. Kh2 Qf6 46.
Bc2+ Kf7 47. Qd3 Ke7 48. Qa3+ Kd7 49. Qd3 Qe5+ 50. Kg1 Qe1+ 51. Kh2 Qe5+ 52.
Kg1 Kc6 53. Bd1 Qe1+ 54. Kh2 e5 55. Bb3 d4 56. Qg6+ Kc5 57. Qxg5 d3 58. Qe7+
Kd4 59. Qd6+ Kc3 60. Qxa6 Qg3+ 61. Kg1 Qe3+ 62. Kh2 Qg3+ 63. Kg1 Qe1+ 1/2-1/2

[Event "Latvian Railway Open 2014"]
[Site "Riga LAT"]
[Date "2014.03.28"]
[Round "2.4"]
[White "Van Wely, Loek"]
[Black "Stupak, Kirill"]
[Result "1-0"]
[WhiteElo "2684"]
[BlackElo "2498"]
[PlyCount "107"]
[EventDate "2014.03.28"]
[SourceDate "2014.01.04"]

1. d4 e6 2. c4 Bb4+ 3. Bd2 a5 4. Nf3 d6 5. g3 Nc6 6. Bg2 e5 7. O-O exd4 8. Nxd4
Nxd4 9. Bxb4 axb4 10. Qxd4 Qf6 11. Qd2 c5 12. Rd1 Ra6 13. Qc2 Qe7 14. a4 Nf6
15. Nd2 O-O 16. Nf1 Be6 17. h3 h6 18. Ne3 Rd8 19. b3 Ra7 20. Rd3 Ra6 21. Rad1
Kf8 22. Kh2 Kg8 23. R1d2 Kf8 24. Qd1 Kg8 25. Nd5 Bxd5 26. Bxd5 Kf8 27. Re3 Qd7
28. Qc2 Re8 29. Red3 Qf5 30. Bf3 Qd7 31. Qd1 Rd8 32. Bg2 Qe7 33. e3 Ne8 34. Rd5
Raa8 35. Bf3 Qf6 36. Kg2 Qe7 37. Kg1 Rac8 38. Bg2 Rc7 39. e4 Rdc8 40. R5d3 Rd8
41. Kh2 Rcd7 42. h4 Rc7 43. Rd5 Ra8 44. Kg1 Ra6 45. f4 Rb6 46. e5 dxe5 47. fxe5
Rg6 48. Kh2 Qe6 49. Bh3 Qb6 50. Bf5 Rgc6 51. Bd7 Rg6 52. Bxe8 Kxe8 53. Rd8+ Ke7
54. R2d7+ 1-0

[Event "Latvian Railway Open 2014"]
[Site "Riga LAT"]
[Date "2014.03.28"]
[Round "2.5"]
[White "Kovalenko, Igor"]
[Black "Kulaots, Kaido"]
[Result "0-1"]
[WhiteElo "2626"]
[BlackElo "2560"]
[PlyCount "104"]
[EventDate "2014.03.28"]
[SourceDate "2014.01.04"]

1. Nf3 Nf6 2. c4 b6 3. g3 c5 4. Bg2 Bb7 5. O-O g6 6. b3 Bg7 7. Bb2 O-O 8. Nc3
d5 9. Nxd5 Nxd5 10. Bxg7 Kxg7 11. cxd5 Qxd5 12. d4 cxd4 13. Qxd4+ Qxd4 14. Nxd4
Bxg2 15. Kxg2 Rc8 16. Rac1 Nd7 17. Rfd1 Nf6 18. Nc6 Rc7 19. b4 Rac8 20. b5 a6
21. a4 axb5 22. axb5 Ne4 23. Rd5 Nd6 24. Re1 Nxb5 25. Nxe7 Rxe7 26. Rxb5 Re6
27. e3 Rc2 28. g4 Kf6 29. Kg3 Ke7 30. Reb1 Rf6 31. f3 Rc3 32. Re5+ Kd7 33. f4
Rc5 34. Re4 b5 35. Reb4 Kc6 36. Ra1 Re6 37. Rb3 Kb7 38. Kf3 Rb6 39. Ra5 Kc6 40.
Ke4 Rc4+ 41. Kd3 Kc5 42. Ra7 Rd6+ 43. Ke2 f5 44. gxf5 gxf5 45. Rf7 Rd5 46. Rc7+
Kd6 47. Rxh7 Rc2+ 48. Kf3 Rdd2 49. Rh3 Rf2+ 50. Kg3 Rg2+ 51. Kh4 Rg4+ 52. Kh5
Rc8 0-1

[Event "Latvian Railway Open 2014"]
[Site "Riga LAT"]
[Date "2014.03.28"]
[Round "3.1"]
[White "Fedorov, Alexei"]
[Black "Malakhov, Vladimir"]
[Result "0-1"]
[WhiteElo "2569"]
[BlackElo "2717"]
[PlyCount "160"]
[EventDate "2014.03.28"]
[SourceDate "2014.01.04"]

1. e4 e5 2. Nf3 Nc6 3. Bc4 Bc5 4. O-O Nf6 5. d3 O-O 6. Nbd2 h6 7. Re1 d6 8. c3
Bb6 9. Bb3 Be6 10. h3 Bxb3 11. Qxb3 Qd7 12. Nc4 Na5 13. Nxb6 axb6 14. Qc2 Rfe8
15. d4 exd4 16. Nxd4 Nc6 17. Bf4 Nxd4 18. cxd4 Qc6 19. Qxc6 bxc6 20. f3 Nd7 21.
a3 c5 22. dxc5 bxc5 23. b4 Reb8 24. Rec1 Rb7 25. Bd2 Ra4 26. Bc3 f6 27. Kf2 Kf7
28. Ke2 Ke6 29. Bd2 Rb8 30. bxc5 Nxc5 31. Ra2 Kd7 32. Rcc2 Ne6 33. Be3 Rb3 34.
g4 g5 35. Rcb2 Raxa3 36. Rxa3 Rxb2+ 37. Kf1 Rh2 38. Ra8 Rxh3 39. Kg2 Rh4 40.
Rh8 c5 41. Rh7+ Ke8 42. Bd2 c4 43. Ra7 h5 44. gxh5 Rxh5 45. Ra4 c3 46. Bxc3
Nf4+ 47. Kf2 Ke7 48. Ra7+ Ke6 49. Ra8 Rh2+ 50. Ke3 Rc2 51. Ba1 Re2+ 52. Kd4 Re1
53. Re8+ Kf7 54. Ra8 Ng6 55. Kd3 Nh4 56. Bc3 Rf1 57. Bb4 Rxf3+ 58. Kd4 g4 59.
Bxd6 g3 60. Ra7+ Ke6 61. Bc5 f5 62. Re7+ Kf6 63. e5+ Kg6 64. e6 g2 65. Kd5 Rd3+
66. Kc4 Rd1 67. Bf2 g1=Q 68. Bxg1 Rxg1 69. Re8 Re1 70. Kd5 Rd1+ 71. Ke5 Nf3+
72. Kf4 Nd4 73. e7 Kf7 74. Rc8 Kxe7 75. Ke5 Kf7 76. Rc4 Kg6 77. Rc8 Kg5 78.
Rg8+ Kh4 79. Rg7 Re1+ 80. Kxd4 f4 0-1

[Event "Latvian Railway Open 2014"]
[Site "Riga LAT"]
[Date "2014.03.28"]
[Round "3.2"]
[White "Gleizerov, Evgeny"]
[Black "Ivanchuk, Vassily"]
[Result "0-1"]
[WhiteElo "2531"]
[BlackElo "2753"]
[PlyCount "132"]
[EventDate "2014.03.28"]
[SourceDate "2014.01.04"]

1. d4 Nf6 2. c4 e6 3. g3 Nc6 4. Bg2 Bb4+ 5. Bd2 Qe7 6. Nf3 Bxd2+ 7. Nbxd2 a5 8.
O-O d6 9. Re1 O-O 10. Nf1 Ne4 11. Ne3 f5 12. d5 Nd8 13. Nd4 g6 14. dxe6 Nxe6
15. Nd5 Qg7 16. e3 N6c5 17. Qc2 c6 18. Nc3 Re8 19. b3 Bd7 20. Rac1 Qf6 21. Red1
g5 22. Nde2 Qe5 23. Rd4 Re6 24. Nxe4 Nxe4 25. Nc3 Nc5 26. Rcd1 Be8 27. Qd2 Bh5
28. Rc1 Rf8 29. Rf1 h6 30. h3 Kh7 31. Qc2 Bg6 32. Qd2 Bh5 33. Qc2 Kg7 34. Qd2
Rf7 35. Nd1 Ne4 36. Qc2 Nf6 37. Nc3 Rfe7 38. Qd2 Bg6 39. Rd1 Bh5 40. Rf1 Nd7
41. g4 Bg6 42. Ne2 f4 43. e4 Nf6 44. Nc3 h5 45. f3 hxg4 46. hxg4 Re8 47. Rd1
Rh8 48. Ne2 Qc5 49. Kf1 Rd8 50. Qc3 Qe5 51. R4d3 Qxc3 52. Nxc3 Kf7 53. c5 Ke7
54. Rd4 Ne8 55. Kf2 Re5 56. Na4 Bf7 57. Bf1 d5 58. Nc3 Nc7 59. Bc4 Ne6 60. exd5
Nxd4 61. Rxd4 Bxd5 62. Bxd5 cxd5 63. a3 Ke6 64. b4 Re3 65. Ne4 Ke5 66. Rd2 Rh8
0-1

[Event "Latvian Railway Open 2014"]
[Site "Riga LAT"]
[Date "2014.03.28"]
[Round "3.3"]
[White "Kulaots, Kaido"]
[Black "Van Wely, Loek"]
[Result "0-1"]
[WhiteElo "2560"]
[BlackElo "2684"]
[PlyCount "78"]
[EventDate "2014.03.28"]
[SourceDate "2014.01.04"]

1. e4 c5 2. Nf3 e6 3. b3 Nc6 4. Bb2 b6 5. Bb5 Bb7 6. O-O Nf6 7. Nc3 Be7 8. e5
Ng4 9. Ne4 O-O 10. h3 Ngxe5 11. Bxe5 Nxe5 12. Nxe5 Bxe4 13. Qe2 Bb7 14. Nxd7 a6
15. Nxf8 axb5 16. Nxe6 fxe6 17. Qxe6+ Kh8 18. a4 Bf6 19. Rae1 Bd5 20. Qe2 bxa4
21. bxa4 Bc6 22. d3 Bxa4 23. Qd2 Bc6 24. Re2 Qd5 25. f3 Rd8 26. Qf4 Qd4+ 27.
Qxd4 Bxd4+ 28. Kh2 b5 29. Re7 b4 30. Rfe1 h6 31. R1e2 Kh7 32. f4 Rb8 33. Rc7
Bb5 34. Ree7 Ba4 35. Re2 b3 36. cxb3 Rxb3 37. f5 Rxd3 38. Ra7 Bb5 39. Rb7 Rxh3+
0-1

[Event "Latvian Railway Open 2014"]
[Site "Riga LAT"]
[Date "2014.03.28"]
[Round "3.4"]
[White "Fridman, Daniel"]
[Black "Meskovs, Nikita"]
[Result "1/2-1/2"]
[WhiteElo "2604"]
[BlackElo "2438"]
[PlyCount "116"]
[EventDate "2014.03.28"]
[SourceDate "2014.01.04"]

1. d4 d5 2. Nf3 Nf6 3. c4 c6 4. Qb3 e6 5. g3 Nbd7 6. Bg2 Bd6 7. O-O O-O 8. Nc3
b6 9. Nd2 Bb7 10. e4 e5 11. cxd5 exd4 12. dxc6 Bxc6 13. Nb5 Bc5 14. a4 a6 15.
Na3 Re8 16. Re1 b5 17. h3 Qb6 18. Nc2 bxa4 19. Qxb6 Nxb6 20. b4 axb3 21. Nxb3
d3 22. Nxc5 dxc2 23. Ra2 Rac8 24. Rxc2 Ba8 25. Ree2 Nbd7 26. Nxd7 Nxd7 27. Ba3
Nf6 28. f3 Bc6 29. Kf2 Ba4 30. Ra2 Bb5 31. Red2 a5 32. Bb2 a4 33. Bf1 Bxf1 34.
Kxf1 Rc4 35. e5 Nh5 36. Kf2 g5 37. Ba1 Ng7 38. Rd4 Rec8 39. Ke2 Nf5 40. Rxc4
Rxc4 41. Kd3 Rc8 42. Rxa4 Rd8+ 43. Kc3 h6 44. g4 Nh4 45. f4 gxf4 46. Rxf4 Ng6
47. Rf5 Rd1 48. Bb2 Rh1 49. Rh5 Nf4 50. Rxh6 Rxh3+ 51. Rxh3 Nxh3 52. Bc1 Nf2
53. g5 Ne4+ 54. Kd3 Nc5+ 55. Ke3 Kg7 56. Kf4 Kg6 57. Be3 Ne6+ 58. Kg4 Nc7
1/2-1/2

[Event "Latvian Railway Open 2014"]
[Site "Riga LAT"]
[Date "2014.03.28"]
[Round "3.5"]
[White "Shirov, Alexei"]
[Black "Shariyazdanov, Andrey"]
[Result "1-0"]
[WhiteElo "2713"]
[BlackElo "2568"]
[PlyCount "79"]
[EventDate "2014.03.28"]
[SourceDate "2014.01.04"]

1. e4 c5 2. Nf3 Nc6 3. Bb5 e6 4. O-O Nge7 5. d4 cxd4 6. Nxd4 Ng6 7. Nc3 Qc7 8.
Be3 a6 9. Be2 b5 10. f4 Bb7 11. Bh5 Rc8 12. f5 Nxd4 13. Bxd4 Bc5 14. fxg6 hxg6
15. Bf3 Qxh2+ 16. Kf2 Qe5 17. Bxc5 Qxc5+ 18. Ke1 b4 19. Ne2 Rh4 20. Qd2 Bxe4
21. g3 Bxf3 22. gxh4 Bxe2 23. Qxe2 Qxc2 24. Rd1 d5 25. Rf4 a5 26. Qb5+ Kf8 27.
Qxa5 Qh2 28. Qxb4+ Kg8 29. Qd2 Qh1+ 30. Ke2 Qh2+ 31. Kd3 Qg3+ 32. Qe3 Qg2 33.
Qf2 Qh3+ 34. Qf3 Qh2 35. Rd2 Qg1 36. Rxf7 e5 37. Qxd5 Kh7 38. Rxg7+ Kxg7 39.
Qd7+ Kh6 40. Qxc8 1-0

[Event "Latvian Railway Open 2014"]
[Site "Riga LAT"]
[Date "2014.03.28"]
[Round "4.2"]
[White "Van Wely, Loek"]
[Black "Fridman, Daniel"]
[Result "0-1"]
[WhiteElo "2684"]
[BlackElo "2604"]
[PlyCount "112"]
[EventDate "2014.03.28"]
[SourceDate "2014.01.04"]

1. c4 e6 2. Nc3 d5 3. d4 Be7 4. Nf3 Nf6 5. Bg5 h6 6. Bxf6 Bxf6 7. e3 O-O 8. Qc2
c5 9. dxc5 Na6 10. cxd5 Nxc5 11. Rd1 Qa5 12. Bd3 Na4 13. O-O Nxb2 14. Qxb2 Bxc3
15. Qb3 exd5 16. Bb1 Rd8 17. Rd3 Bf6 18. Rfd1 Be6 19. Nd4 Bxd4 20. Rxd4 Rd7 21.
f4 g6 22. h3 Rc8 23. Qb2 Qc3 24. Qf2 Rc4 25. Kh2 Rxd4 26. Rxd4 Qc7 27. Qd2 Qc5
28. e4 Qb6 29. Bc2 Qb2 30. f5 dxe4 31. Rxd7 Bxd7 32. Qxd7 Qxc2 33. fxg6 Qxa2
34. Qxb7 fxg6 35. Qxe4 Qf7 36. Qe5 Kh7 37. g4 a6 38. Qc5 Qb7 39. h4 Qd7 40. Kg3
Qd3+ 41. Kf2 Kg8 42. Qc7 Qd2+ 43. Kg3 Qe1+ 44. Kh3 Qf1+ 45. Kg3 Qd3+ 46. Kf2
Kf8 47. Kg2 Ke8 48. Kf2 Qd7 49. Qe5+ Qe7 50. Qb8+ Kf7 51. Kg3 a5 52. Qf4+ Kg7
53. Qd4+ Kh7 54. Qd3 h5 55. gxh5 Qe5+ 56. Kh3 Qf5+ 0-1

[Event "Latvian Railway Open 2014"]
[Site "Riga LAT"]
[Date "2014.03.28"]
[Round "4.3"]
[White "Sulskis, Sarunas"]
[Black "Shirov, Alexei"]
[Result "1/2-1/2"]
[WhiteElo "2531"]
[BlackElo "2713"]
[PlyCount "99"]
[EventDate "2014.03.28"]
[SourceDate "2014.01.04"]

1. e4 c5 2. f4 d5 3. exd5 Nf6 4. Bb5+ Nbd7 5. c4 g6 6. b3 Bg7 7. Bb2 O-O 8.
Bxd7 Qxd7 9. Nf3 e6 10. d6 Qxd6 11. O-O Qxf4 12. Be5 Qh6 13. Nc3 b6 14. Ne2 Bb7
15. Bf4 Qh5 16. Ng3 Qg4 17. Be5 Rad8 18. Qe1 Bxf3 19. Rxf3 Qg5 20. d4 Ne8 21.
Ne4 Qe7 22. Bxg7 Kxg7 23. dxc5 f5 24. Nf2 bxc5 25. Re3 Nc7 26. Qa5 a6 27. Rae1
f4 28. Re5 Rf5 29. Rxf5 gxf5 30. Re5 Kf7 31. Qxc5 Qxc5 32. Rxc5 Ne8 33. Kf1 Rd2
34. Ra5 Nf6 35. Ke1 Rc2 36. Rxa6 Ng4 37. Nd3 Rxg2 38. Nxf4 Rxh2 39. Nxe6 h5 40.
c5 Rc2 41. b4 Ne5 42. Nd4 Rc4 43. Nxf5 Rxb4 44. c6 Ke6 45. c7+ Kd7 46. Rh6 Kxc7
47. Rxh5 Rb1+ 48. Ke2 Rb2+ 49. Ke3 Rxa2 50. Ke4 1/2-1/2

[Event "Latvian Railway Open 2014"]
[Site "Riga LAT"]
[Date "2014.03.28"]
[Round "4.4"]
[White "Navara, David"]
[Black "Ulibin, Mikhail"]
[Result "1-0"]
[WhiteElo "2700"]
[BlackElo "2491"]
[PlyCount "66"]
[EventDate "2014.03.28"]
[SourceDate "2014.01.04"]

1. e4 e6 2. d4 d5 3. Nd2 Nf6 4. e5 Nfd7 5. c3 c5 6. Bd3 Nc6 7. Ngf3 cxd4 8.
cxd4 f6 9. exf6 Qxf6 10. O-O Bd6 11. Re1 O-O 12. Bxh7+ Kxh7 13. Rxe6 Bxh2+ 14.
Kxh2 Qf5 15. Nf1 Kg8 16. Re2 Nf6 17. Kg1 Ne4 18. Ng3 Nxg3 19. fxg3 Qh5 20. Bf4
Bg4 21. Qd3 g5 22. Be5 Bxf3 23. gxf3 Rxf3 24. Re3 Raf8 25. Bd6 R8f6 26. Rxf3
Rxf3 27. Qd2 Qg6 28. Bc7 Rd3 29. Qg2 Nxd4 30. Qxd5+ Ne6 31. Qxb7 Nxc7 32. Qxc7
Qb6+ 33. Qxb6 axb6 1-0

[Event "Latvian Railway Open 2014"]
[Site "Riga LAT"]
[Date "2014.03.28"]
[Round "4.5"]
[White "Alekseev, Evgeny"]
[Black "Meskovs, Nikita"]
[Result "1/2-1/2"]
[WhiteElo "2692"]
[BlackElo "2438"]
[PlyCount "47"]
[EventDate "2014.03.28"]
[SourceDate "2014.01.04"]

1. e4 c5 2. Nf3 e6 3. d4 cxd4 4. Nxd4 a6 5. Bd3 Qc7 6. O-O Nf6 7. Qe2 d6 8. c4
Be7 9. Nc3 Nc6 10. Nf3 O-O 11. Bf4 Ne5 12. Rac1 b6 13. Nxe5 dxe5 14. Be3 Bb7
15. Na4 Nd7 16. c5 b5 17. Nb6 Rad8 18. b4 Nb8 19. a4 Nc6 20. axb5 Nxb4 21. Bc4
axb5 22. Bxb5 Bxe4 23. Qc4 Bd5 24. Qxb4 1/2-1/2

[Event "Latvian Railway Open 2014"]
[Site "Riga LAT"]
[Date "2014.03.29"]
[Round "5.1"]
[White "Ivanchuk, Vassily"]
[Black "Navara, David"]
[Result "1-0"]
[WhiteElo "2753"]
[BlackElo "2700"]
[PlyCount "113"]
[EventDate "2014.03.28"]
[SourceDate "2014.01.04"]

1. d4 Nf6 2. c4 g6 3. Nc3 d5 4. cxd5 Nxd5 5. e4 Nxc3 6. bxc3 Bg7 7. Nf3 c5 8.
h3 O-O 9. Be2 Nc6 10. Be3 cxd4 11. cxd4 f5 12. Bc4+ Kh8 13. O-O f4 14. Bd2 Nxd4
15. Bc3 Be6 16. Bxe6 Nxe6 17. Bxg7+ Nxg7 18. Qa4 Qd6 19. Rfd1 Qf6 20. e5 Qe6
21. Rd7 b6 22. Rxa7 Rxa7 23. Qxa7 Nf5 24. Rb1 Qd5 25. Rxb6 Qd1+ 26. Kh2 Ng3 27.
fxg3 fxg3+ 28. Kxg3 Rxf3+ 29. Kh2 Rxh3+ 30. Kxh3 Qh5+ 31. Kg3 Qxe5+ 32. Kf3
Qd5+ 33. Ke3 Qe5+ 34. Kd3 Qd5+ 35. Kc3 Qc5+ 36. Kb3 Qd5+ 37. Kb4 Qd4+ 38. Ka5
Qd2+ 39. Ka6 Qxa2+ 40. Kb7 Qxg2+ 41. Rc6 Qe4 42. Qc5 Kg7 43. Kc7 Kf7 44. Qf2+
Ke8 45. Rc5 Qa8 46. Qe3 Qa7+ 47. Kc6 Qa6+ 48. Kd5 Qd6+ 49. Ke4 Qe6+ 50. Kf4
Qf6+ 51. Kg3 Qd6+ 52. Re5 h6 53. Qc5 Qd3+ 54. Re3 Qd7 55. Qe5 Kf7 56. Rf3+ Kg8
57. Qb8+ 1-0

[Event "Latvian Railway Open 2014"]
[Site "Riga LAT"]
[Date "2014.03.29"]
[Round "5.2"]
[White "Fridman, Daniel"]
[Black "Ladva, Ottomar"]
[Result "1-0"]
[WhiteElo "2604"]
[BlackElo "2353"]
[PlyCount "53"]
[EventDate "2014.03.28"]
[SourceDate "2014.01.04"]

1. d4 d5 2. c4 e6 3. Nc3 Nf6 4. cxd5 Nxd5 5. e4 Nxc3 6. bxc3 c5 7. a3 Nc6 8.
Nf3 cxd4 9. cxd4 Be7 10. Bd3 O-O 11. Bb2 Bf6 12. e5 Qa5+ 13. Kf1 Be7 14. h4 h6
15. Qe2 Qd5 16. Bc4 Qd8 17. Qe4 h5 18. Rg1 f5 19. exf6 Bxf6 20. g4 Bxh4 21. g5
Rxf3 22. Qxf3 Bxg5 23. d5 Na5 24. dxe6 Qe7 25. Qf7+ Qxf7 26. exf7+ Kf8 27.
Bxg7+ 1-0

[Event "Latvian Railway Open 2014"]
[Site "Riga LAT"]
[Date "2014.03.29"]
[Round "5.3"]
[White "Sulskis, Sarunas"]
[Black "Malakhov, Vladimir"]
[Result "0-1"]
[WhiteElo "2531"]
[BlackElo "2717"]
[PlyCount "64"]
[EventDate "2014.03.28"]
[SourceDate "2014.01.04"]

1. e4 g6 2. d4 Bg7 3. Nc3 d6 4. f4 a6 5. Be3 b5 6. Be2 Bb7 7. Bf3 Nd7 8. e5
Bxf3 9. Qxf3 e6 10. O-O-O b4 11. Ne4 d5 12. Nf2 h5 13. Ne2 Ne7 14. Nd3 a5 15.
g3 Qb8 16. Kb1 a4 17. h3 b3 18. cxb3 axb3 19. a3 Qb5 20. Bf2 Nc6 21. Rc1 Na5
22. Nc3 Qb7 23. Na4 Qa7 24. Nac5 Nc4 25. Rxc4 dxc4 26. Nxd7 cxd3 27. Qc6 Ke7
28. d5 Qxf2 29. d6+ cxd6 30. Qxd6+ Ke8 31. Rc1 Rd8 32. Qxd3 Qa7 0-1

[Event "Latvian Railway Open 2014"]
[Site "Riga LAT"]
[Date "2014.03.29"]
[Round "5.4"]
[White "Shirov, Alexei"]
[Black "Miezis, Normunds"]
[Result "1-0"]
[WhiteElo "2713"]
[BlackElo "2548"]
[PlyCount "115"]
[EventDate "2014.03.28"]
[SourceDate "2014.01.04"]

1. e4 c5 2. Nf3 e6 3. d4 cxd4 4. Nxd4 a6 5. c4 Nf6 6. Nc3 Bb4 7. Qd3 Nc6 8.
Nxc6 dxc6 9. e5 Nd7 10. f4 f5 11. Bd2 b5 12. O-O-O O-O 13. g4 Nc5 14. Qc2 Qe7
15. Be3 Bb7 16. gxf5 exf5 17. a3 Bxc3 18. Qxc3 Ne4 19. Qb3 Qe6 20. Kc2 c5 21.
Be2 Rfc8 22. Rhg1 Kh8 23. Kb1 Rab8 24. Ka2 Ba8 25. h4 Rb6 26. Qd3 Qg8 27. h5
Rcb8 28. Ka1 bxc4 29. Qxc4 Rxb2 30. Qxg8+ Kxg8 31. Bc4+ Kh8 32. Rd7 Nc3 33.
Rd8+ Rxd8 34. Kxb2 Nd1+ 35. Rxd1 Rxd1 36. e6 Bc6 37. Bxc5 Be8 38. Bxa6 Bxh5 39.
a4 Rd5 40. Bb4 Be8 41. a5 h5 42. Kc3 h4 43. Bb7 Rd1 44. a6 Ra1 45. Bc5 Rc1+ 46.
Kd4 Rd1+ 47. Ke5 Re1+ 48. Kd6 Ra1 49. a7 h3 50. a8=Q Rxa8 51. Bxa8 Kh7 52. Bg1
Kh6 53. Bc6 Bh5 54. e7 g5 55. Bh2 gxf4 56. Bxf4+ Kg7 57. e8=Q Bxe8 58. Bxe8 1-0

[Event "Latvian Railway Open 2014"]
[Site "Riga LAT"]
[Date "2014.03.29"]
[Round "5.5"]
[White "Meskovs, Nikita"]
[Black "Van Wely, Loek"]
[Result "0-1"]
[WhiteElo "2438"]
[BlackElo "2684"]
[PlyCount "144"]
[EventDate "2014.03.28"]
[SourceDate "2014.01.04"]

1. d4 Nf6 2. c4 e6 3. Nc3 Bb4 4. e3 O-O 5. Bd3 d5 6. Nf3 c5 7. O-O cxd4 8. exd4
dxc4 9. Bxc4 b6 10. Re1 Bb7 11. a3 Bxc3 12. bxc3 Qc7 13. Qe2 Nbd7 14. Nd2 Bd5
15. Bb2 Bxc4 16. Nxc4 Nd5 17. Rac1 b5 18. Nd2 Rab8 19. c4 bxc4 20. Nxc4 Qb7 21.
Rc2 Nf4 22. Qg4 Nd3 23. Rd1 Nxb2 24. Rxb2 Qa6 25. Rxb8 Rxb8 26. d5 h5 27. Qd4
exd5 28. Qxd5 Nf6 29. Qd6 Qxd6 30. Nxd6 Rb3 31. Ra1 Rd3 32. Nc4 Rc3 33. Nd6 Rd3
34. Nf5 g6 35. Ne7+ Kf8 36. Nc6 a6 37. a4 Ne4 38. f3 Nc3 39. Nb4 Rd6 40. a5 Ke7
41. Kf2 Nd5 42. Nd3 Rc6 43. Ra2 Kd6 44. Ke1 Rc4 45. Ra3 Rc2 46. Nf2 f5 47. g3
Kc5 48. h4 Kd4 49. Rd3+ Kc4 50. Ra3 Rc3 51. Rxc3+ Kxc3 52. Ke2 Kb4 53. Kd3 Kxa5
54. Kd4 Nb4 55. g4 Ka4 56. Kc4 a5 57. gxh5 gxh5 58. Nh3 Nc6 59. Kd5 Kb5 60. Nf4
a4 61. Ne2 a3 62. Nc1 Nb4+ 63. Kd4 Ka4 64. Kc4 Nc6 65. f4 Nb4 66. Kc3 Nd5+ 67.
Kc4 Nxf4 68. Na2 Ne2 69. Nb4 f4 70. Nd3 a2 71. Nc5+ Ka3 72. Nb3 Kb2 0-1

[Event "Latvian Railway Open 2014"]
[Site "Riga LAT"]
[Date "2014.03.29"]
[Round "6.2"]
[White "Van Wely, Loek"]
[Black "Shirov, Alexei"]
[Result "1-0"]
[WhiteElo "2684"]
[BlackElo "2713"]
[PlyCount "75"]
[EventDate "2014.03.28"]
[SourceDate "2014.01.04"]

1. d4 d5 2. c4 c6 3. Nf3 Nf6 4. Qb3 dxc4 5. Qxc4 Bg4 6. Nbd2 e6 7. g3 Be7 8.
Bg2 O-O 9. O-O Nbd7 10. Rd1 c5 11. Ne5 Nb6 12. Qc2 cxd4 13. Nxg4 Nxg4 14. Nf3
Qc8 15. Qb3 d3 16. Rxd3 Qc5 17. e3 Rfd8 18. Bd2 Rxd3 19. Qxd3 Rd8 20. Qe4 Ne5
21. Nd4 Nbc4 22. Bc3 Nd6 23. Qc2 Rc8 24. Qb3 Qc4 25. Nxe6 Qxb3 26. axb3 Rxc3
27. bxc3 fxe6 28. Rxa7 Nd3 29. Bxb7 Bf6 30. Ba6 Nc1 31. Rd7 Ne4 32. Bc4 Kf8 33.
b4 Bxc3 34. b5 Be1 35. b6 Bxf2+ 36. Kg2 Nc5 37. Rc7 Bxe3 38. b7 1-0

[Event "Latvian Railway Open 2014"]
[Site "Riga LAT"]
[Date "2014.03.29"]
[Round "6.3"]
[White "Malakhov, Vladimir"]
[Black "Lysyj, Igor"]
[Result "1/2-1/2"]
[WhiteElo "2717"]
[BlackElo "2655"]
[PlyCount "44"]
[EventDate "2014.03.28"]
[SourceDate "2014.01.04"]

1. e4 e5 2. Nf3 Nc6 3. Bc4 Bc5 4. c3 Nf6 5. d3 a6 6. Bb3 O-O 7. O-O d6 8. h3 h6
9. Be3 Bxe3 10. fxe3 Re8 11. Nbd2 Be6 12. Qe2 Nd7 13. Rf2 Bxb3 14. axb3 a5 15.
d4 Nf6 16. Qb5 Qd7 17. d5 Ne7 18. Rxa5 Qxb5 19. Rxb5 b6 20. Rb4 Ra2 21. Nf1 Nd7
22. Rd2 Rea8 1/2-1/2